Soccer Teams That Ronaldo Nazario Has Played For - Statistics

General Stats
  • This quiz has been taken 9,274 times
    7,397 since last reset
  • The average score is 6 of 8
Answer Stats
Years Team % Correct
2002-2006 Real Madrid
99%
1997-2002 Inter Milan
96%
1996-1997 Barcelona
93%
International 1994-2011 Brazil
93%
2006-2008 AC Milan
91%
1994-1996 PSV Eindhoven
59%
2009-2011 Corinthians
33%
1993-1994 Cruzeiro
27%
No matching quizzes found
Score Distribution
Percent of People with Each Score
Percentile by Number Answered
Your Score History
You have not taken this quiz since the last reset